000 00941nam a22002657a 4500
999 _c65380
_d65380
005 20240530110821.0
008 190717s2019 ua ah f b 000 0 ara d
017 _a28129
_bمصر. دار الكتب
020 _a9789773086442
040 _aEG-CaGPL
_cEG-CaGPL
082 0 4 _221
_a615.851/
_bع ع
100 0 _aعمرو على
245 1 2 _aالعلاج بالطاقة الحيوية /
_cتاليف عمرو على
250 _aط.1
260 _aالقاهرة :
_bدار العلم والايمان للنشر والتوزيع،
_c2019.
300 _a380 ص.:
_bايض ؛
_c24 سم.
650 0 7 _2qrmak
_aالعلاج الروحى
650 0 7 _2qrmak
_aالايحاء العقلى
650 0 7 _2qrmak
_aالعلاج النفسى
650 0 7 _2qrmak
_aالعلاج السلوكى
651 _2qrmak
653 0 _aالعلاج بالطاقة الحيوية
942 _2ddc
_cBK